00267nam a2200109Ia 4500008004100000245004700041260001600088440000600104521002300110942000700133999001700140140130s9999 xx 000 0 und d cFreedman, FlorenceaTwo tickets to freedom bScholastic, v1 aGrade 7 - Grade 12 cBK c41385d41385